Musicians real first names - Statistics

General Stats
  • This quiz has been taken 33 times
    25 since last reset
  • The average score is 16 of 54
Answer Stats
Nickname First name % Correct
Eminem/Slim Shady Marshall/Bruce
68%
Fresh Prince (of Bel-Air) Will
68%
The King (of Rock’n’Roll) Elvis
64%
Ringo Starr Richard
56%
Ziggy Stardust David
52%
Lady Gaga Stefani
48%
Snoop Dogg Calvin
44%
Iggy Pop James
44%
Jimi Hendrix James
44%
Björk Björk
40%
Ozzy Osbourne John
40%
Clown (Slipknot) Michael/Shawn
40%
Prince Prince
40%
Kid Rock Robert
40%
Lustmord Brian/Bryan
36%
Marilyn Manson Brian/Bryan
36%
Buckethead Brian/Bryan
36%
Cher Cherilyn
36%
Corpsegrinder (Cannibal Corpse) George
36%
GG Allin Jesus/Kevin
36%
Ke$ha Kesha
36%
Marilyn Monroe (birth name) Norma
36%
P!nk Alecia
32%
Buddy Holly Charles
32%
Varg Vikernes (Mayhem) Louis/Kristian
32%
Shakira Shakira
32%
Satch/Satchmo/Pops Louis
28%
Spider One (Powerman 5000) Michael
28%
Nicki Minaj Onika
28%
Slash (Guns N Roses) Saul
28%
Yves Tumor Sean
28%
Jello Biafra (Dead Kennedys, Lard) Eric
24%
Lux Interior (The Cramps) Erick/Eric
24%
Nikki Sixx (Mötley Crüe) Frank
24%
Lil Nas X Montero
24%
Pitbull Armando
20%
Flake (Rammstein) Christian
20%
Marshmello Christopher
20%
The Demon (Kiss) Gene
20%
Howlin' Wolf Chester
16%
6ix9ine/Tekashi69 Daniel
16%
Ilich (Little Big) Ilya
16%
King Buzzo (Melvins) Roger
16%
Barns Courtney Barnaby
12%
Machine Gun Kelly Colson
12%
Cronos (Venom) Conrad
12%
Igorrr (main founding member) Gautier
12%
Poppy Moriah
12%
Sinnéad’O’Connor (new name) Shuhada
12%
Skold Thim/Tim
12%
Snowy Shaw Tommie
12%
Merzbow Akita
8%
Bo Diddley Ellas
8%
¥o-Landi Vi$$er (Die Antwoort) Andri
4%
No matching quizzes found
Score Distribution
Percent of People with Each Score
Percentile by Number Answered
Your Score History
You have not taken this quiz since the last reset